Catálogo
 En Linea

Nociones de historia patria : (Registro nro. 57391)

Detalles MARC
000 -CABECERA
campo de control de longitud fija 01524nam a2200277 i 4500
003 - IDENTIFICADOR DEL NÚMERO DE CONTROL
campo de control DO-SdBNP
005 - FECHA Y HORA DE LA ÚLTIMA TRANSACCIÓN
campo de control 20250707131429.0
006 - CÓDIGOS DE INFORMACIÓN DE LONGITUD FIJA--CARACTERÍSTICAS DEL MATERIAL ADICIONAL
campo de control de longitud fija a||||gr|||| 00| 0
007 - CAMPO FIJO DE DESCRIPCIÓN FÍSICA--INFORMACIÓN GENERAL
campo de control de longitud fija ta
008 - DATOS DE LONGITUD FIJA--INFORMACIÓN GENERAL
campo de control de longitud fija 240808b190? dr aobc| |||| 00| e spa d
040 ## - FUENTE DE LA CATALOGACIÓN
Centro catalogador/agencia de origen DO-SdBNP
Lengua de catalogación spa
Centro/agencia transcriptor BNPHU
Normas de descripción rda
082 #4 - NÚMERO DE LA CLASIFICACIÓN DECIMAL DEWEY
Número de edición 22
Número de documento/Ítem M385n
100 1# - ENTRADA PRINCIPAL--NOMBRE DE PERSONA
Nombre de persona Martínez Almanzar, Juan Francisco
Fechas asociadas al nombre 1950 -
9 (RLIN) 10459
Término indicativo de función/relación autor
245 10 - MENCIÓN DE TÍTULO
Título Nociones de historia patria :
Resto del título resumen de cátedras /
Mención de responsabilidad, etc. Juan Francisco Martínez Almánzar.
264 ## - PRODUCCIÓN, PUBLICACIÓN, DISTRIBUCIÓN, FABRICACIÓN Y COPYRIGHT
Producción, publicación, distribución, fabricación y copyright [Santo Domingo] :
Nombre del de productor, editor, distribuidor, fabricante [sin idenficar],
Fecha de producción, publicación, distribución, fabricación o copyright [190?]
300 ## - DESCRIPCIÓN FÍSICA
Extensión 244 páginas :
Otras características físicas ilustraciones, fotografías, mapas, retratos ;
Dimensiones 21 cm.
336 ## - TIPO DE CONTENIDO
Fuente rdacontent
Término de tipo de contenido texto
Código de tipo de contenido txt
337 ## - TIPO DE MEDIO
Fuente rdamedia
Nombre/término del tipo de medio sin mediación
Código del tipo de medio n
338 ## - TIPO DE SOPORTE
Fuente rdacarrier
Nombre/término del tipo de soporte volumen
Código del tipo de soporte nc
500 ## - NOTA GENERAL
Nota general Incluye datos biográficos del autor en la contracubierta.
504 ## - NOTA DE BIBLIOGRAFÍA, ETC.
Nota de bibliografía, etc. Bibliografía: páginas 239-240.
505 ## - NOTA DE CONTENIDO CON FORMATO
Nota de contenido con formato Presentación.-- Introducción.
Título Tema I : La situación europea antes del descubrimiento.-- Tema II : Sociedad aborigen.-- Tema III : La Colonización.-- Tema IV : La Española en el siglo XVI.-- Tema V : siglo (continuación).-- Tema VI : La Isla Espa­ñola en el siglo XVII.-- Tema VII : La Isla de Santo Domingo en el siglo XVIII.-- Tema VIII : Desrrollo de la Concienca Nacional.-- Tema IX : La Independencia Efímera y Ocupación Haitiana.-- Tema X : Caudillismo y Anexionismo.-- Tema XI : Anexionismo y Guerra Restauradora.
590 ## - NOTA LOCAL (RLIN)
Nota local Inventariado 2024 / MF
651 #4 - PUNTO DE ACCESO ADICIONAL DE MATERIA--NOMBRE GEOGRÁFICO
Nombre geográfico República Dominicana
Subdivisión general Historia
9 (RLIN) 170
942 ## - ELEMENTOS DE PUNTO DE ACCESO ADICIONAL (KOHA)
Fuente del sistema de clasificación o colocación Dewey Decimal Classification
Tipo de ítem Koha Libro
Existencias
Estado de retiro Estado de pérdida Fuente del sistema de clasificación o colocación Restricciones de uso No para préstamo Código de colección Localización permanente Ubicación/localización actual Ubicación en estantería Fecha de adquisición Fuente de adquisición Total de préstamos Signatura topográfica completa Código de barras Fecha visto por última vez Precio válido a partir de Tipo de ítem Koha
    Dewey Decimal Classification Excluido de préstamo   Patrimonio Dominicano Biblioteca Nacional Pedro Henríquez Ureña Biblioteca Nacional Pedro Henríquez Ureña En catalogación 08.08.2024 Perteneció a la biblioteca de Emilio Cordero Michel   M385n 2024-4712 08.08.2024 08.08.2024 Libro

Con tecnología Koha